Normal view
MARC view
Entry Uniform Title
001 - CONTROL NUMBER
- control field: 40669
003 - CONTROL NUMBER IDENTIFIER
- control field: dpl
005 - DATE AND TIME OF LATEST TRANSACTION
- control field: 20120203120044.0
008 - FIXED-LENGTH DATA ELEMENTS
- fixed length control field: 120203|||a|||||| | ||| d
040 ## - CATALOGING SOURCE
- Original cataloging agency: dpl
- Transcribing agency: dpl
130 ## - HEADING--UNIFORM TITLE
- Uniform title: Classic literature for children
- Form subdivision: 5
670 ## - SOURCE DATA FOUND
- Source citation: Work cat.: (dpl)61180: Joshi, Yogesh 40668, Singhasan battisi 5 /, 200?
670 ## - SOURCE DATA FOUND
- Source citation: Work cat.: (dpl)61180: Joshi, Yogesh 40668, Singhasan battisi 5 /, 200?
